| 000 | 01094nam a2200277 a 4500 | ||
|---|---|---|---|
| 001 | 000040703 | ||
| 003 | DO-SdBNP | ||
| 005 | 20250116122458.0 | ||
| 007 | ta | ||
| 008 | 130905s 2012 dr 000 p spa d | ||
| 020 | _a9789993446194 | ||
| 040 |
_aDO-SdBNP _bspa _cBNPHU |
||
| 082 | 4 |
_aRD861.44 _bB533p _222 |
|
| 100 | 1 |
_aBerrido, Ofelia _924626 |
|
| 245 | 1 | 0 |
_aPájaros del olvido : _bpoesías / _cOfelia Berrido ; prólogo Bruno Rosario Candelier |
| 260 |
_aSanto Domingo : _bAcademia Dominicana de la Lengua, _c2012. |
||
| 300 |
_a140 p. ; _c23 cm. |
||
| 500 | _aIncluye datos biografícos de l autorA en la solapa de la cubierta. | ||
| 505 |
_aDedicatoria – _tAgradecimientos – _tPrólogo – _gParte I _tVersos de asfalto – _gParte II _tEntreacto de amores y desamores – _gParte III _tLo inmutable – _tEpilogo por José Enrique García. |
||
| 590 | _aInventariado, 2021/BT | ||
| 650 | 4 | _aPoesía dominicana | |
| 650 | 4 | _aLiteratura dominicana | |
| 700 | 1 |
_aRosario Candelier, Bruno, _d1941- _epról. _9851 |
|
| 910 | _aBtavárez/Validado. Control de calidad MFF | ||
| 942 |
_2ddc _cLBS1 |
||
| 999 |
_c40193 _d40193 |
||